| 000 | 00370nam a2200145Ia 4500 | ||
|---|---|---|---|
| 008 | 210210b1950 xxu||||| |||| 00| 0 eng d | ||
| 082 | _a310/31 | ||
| 100 | _aCRONIN Rev. J.F. | ||
| 245 | _aCatholic social principles. | ||
| 260 |
_aMilwaukee _bThe Bruce Publishing Company _c1950 |
||
| 300 | _a803 | ||
| 650 | _aCatholic social | ||
| 690 | _aSociology | ||
| 906 | _a001523 | ||
| 999 |
_c77660 _d77660 |
||